000 00476nam a2200169Ia 4500
003 LK-CoDNM
008 010623t2011 xxu||||| |||| 00| 1 eng d
040 _aLK-CoDNM
_dLK-CoDNM
_eLK-CoDNM
041 _aeng
080 _a297.1 (548.7) JAM
100 _aHussein,Asiff
_eed.
245 _aThe Muslim Heritagr of Eastern Sri Lanka
260 _bMuslim Women's Research and Action Forum
_aColombo
_c2011
300 _b301, iill, 30 cm
700 _aJameel,S.H.M.
942 _cBK
999 _c130725
_d130725